Kupónová privatizácia oslavuje 20. výročie

Základné myšlienky kupónovej privatizácie. Jej kritici. Medzníky kupónovej privatizácie.

Uložené v:
Podrobná bibliografia
Hlavný autor: Spiš, Jaroslav
Médium: Kapitola
Jazyk:Slovak
Predmet:
Tagy: Pridať tag
Žiadne tagy, Buďte prvý, kto otaguje tento záznam!

MARC

LEADER 00000naa a2200000 4500
001 0144191
005 20231019092026.6
041 0 |a slo 
044 |a SK 
245 1 0 |a Kupónová privatizácia oslavuje 20. výročie  |c Jaroslav Spiš 
520 |a Základné myšlienky kupónovej privatizácie. Jej kritici. Medzníky kupónovej privatizácie. 
610 2 0 |a privatizácia kupónová 
610 2 0 |a Slovensko 
610 2 0 |a reformy hospodárske 
610 2 0 |a história 
100 1 |a Spiš, Jaroslav